The philosophy of being : Metaphysics I /

Bibliographic Details
Main Author: Smith, Gerard, Reverend
Other Authors: Kendzierski, Lottie H.
Format: Book
Language:English
Published: New York : The Macmillan Co., [1961]
Series:Christian wisdom series.
Subjects:

MARC

Tag First Indicator Second Indicator Subfields
LEADER 00000cam a2200000 4500
001 in00000060942
005 20160218112621.0
008 740619s1961 eng u
010 |a  61005281  
035 |a (OCoLC)00924248 
035 |9 AAG5410AM 
040 |c CUM  |d TXA  |d UtOrBLW 
049 |a TXAM  |c [406354] 
090 |a BD311  |b .S6 
092 |a 111  |b S648p 
100 1 |a Smith, Gerard,  |c Reverend. 
245 1 4 |a The philosophy of being :  |b Metaphysics I /  |c [by] Gerard Smith [and] Lottie H. Kendzierski. 
264 1 |a New York :  |b The Macmillan Co.,  |c [1961] 
300 |a 408 pages ;  |c 22 cm. 
336 |a text  |b txt  |2 rdacontent 
337 |a unmediated  |b n  |2 rdamedia 
338 |a volume  |b nc  |2 rdacarrier 
490 1 |a Christian wisdom series 
504 |a Includes bibliography. 
650 0 |a Ontology. 
700 1 |a Kendzierski, Lottie H. 
830 0 |a Christian wisdom series. 
999 |a MARS 
999 f f |s 45d79e49-018b-341f-954e-2258b8e73a80  |i 54a1e475-7f3f-314c-a8ad-01c9586ed921  |t 0 
952 f f |p ric  |a Texas A&M University  |b Rellis Campus  |c Joint Library Facility  |d Remote Storage  |t 0  |e BD311 .S6  |h Library of Congress classification  |i unmediated -- volume  |m A14800506469 
998 f f |a BD311 .S6  |t 0  |l Remote Storage